|
|
|
|
| LEADER |
00658cam a2200193 a 4500 |
| 001 |
0000070889 |
| 005 |
20040107090000.0 |
| 040 |
|
|
|a mod
|
| 041 |
|
|
|a eng
|
| 020 |
0 |
0 |
|a 1931882134
|
| 090 |
0 |
0 |
|a 623.746
|b STE
|e 2003
|
| 100 |
1 |
0 |
|a Stevens
|h Henry.
|
| 245 |
1 |
0 |
|a Hitler's flying saucers
|b a guide to German flying discs of the Second World War
|c by Henry Stevens.
|
| 260 |
0 |
0 |
|a Kempton, Ill.
|b Adventures Unlimited Press
|c 2003.
|
| 300 |
0 |
0 |
|a 268 p.
|b ill., maps
|c 23 cm.
|
| 500 |
0 |
0 |
|a Includes bibliographical references.
|
| 650 |
0 |
0 |
|a Unidentified flying objects
|x History.
|
| 852 |
0 |
0 |
|a 01
|
| 999 |
|
|
|a 0223229
|b KEMENTAH
|d BOOKS
|e Umum
|f Perpustakaan KEMENTAH
|j AVAILABLE
|q GOOD CONDITION
|